000 00293nam a22001217a 4500
082 _a823
_bBLY/F
100 _aBLYTON, ENID
245 _aFAMOUS FIVE - 5 GO TO BILLY COCK HILL
260 _aUNITED KINGDOM
_bHODDER
_c1996
300 _a154
650 _aENGLISH STORY
_zUNITED KINGDOM
942 _cBK
999 _c7242
_d7242